March Madness Teams Logo Quiz (2026) - Statistics

General Stats
  • This quiz has been taken 188 times
    169 since last reset
  • The average score is 59 of 68
Answer Stats
Picture Answer % Correct
Florida
97%
Illinois
96%
Alabama
95%
Arkansas
95%
BYU
95%
Georgia
95%
Gonzaga
95%
Houston
95%
Iowa State
95%
Kansas
95%
Kentucky
95%
Michigan
95%
Michigan St
95%
North Carolina
95%
Purdue
95%
Texas
95%
Texas Tech
95%
UConn
95%
Vanderbilt
95%
Wisconsin
95%
Arizona
94%
Clemson
94%
Duke
94%
Iowa
94%
Louisville
94%
Miami (FL)
94%
Nebraska
94%
St John's
94%
Texas A&M
94%
Utah State
94%
Virginia
94%
Hawaii
93%
Tennessee
93%
Villanova
93%
High Point
92%
Akron
91%
Missouri
91%
North Carolina State
91%
Ohio State
91%
Troy
91%
Saint Louis
90%
Saint Mary's
90%
South Florida
90%
McNeese
89%
SMU
89%
Furman
87%
Kennesaw State
87%
Miami (OH)
85%
Santa Clara
84%
TCU
84%
Long Island
83%
Howard
82%
Penn
82%
Queens
81%
Idaho
77%
Tennessee State
77%
Lehigh
76%
Prairie View A&M
76%
North Dakota State
75%
Siena
75%
UCF
71%
Northern Iowa
69%
VCU
69%
UMBC
67%
Hofstra
64%
UCLA
62%
Wright State
61%
Cal Baptist
40%
No matching quizzes found
Score Distribution
Percent of People with Each Score
Percentile by Number Answered
Your Score History
You have not taken this quiz since the last reset